000 01982nam0a2200349 4500
001 RU\NLR\BIBL_A\022549474
005 20260420044854.0
010 _a978-5-00172-737-8
_9500
021 _aRU
_bКН-П-25-018860
_9КН-П-25-1916
035 _a(NLR Aleph) 022549474
090 _a13673231
_c13673231
100 _a20250523d2024 k y0rusy50 ca
101 0 _arus
102 _aRU
105 _aa z 000zy
181 0 _ai3
_baxxe
182 0 _an
200 1 _aСемейное предпринимательство в современной России: проблемы и перспективы
_eмонография
_fОсипов Е. М., Дудина О. М., Сазонова А. П.
_gпод редакцией доктора социологических наук Е. М. Осипова
203 _aТекст
_bвизуальный
_cнепосредственный
210 _aМосква
_cПрометей
_d2024
215 _a442, [1] с.
_cцв. ил.
_d21
300 _aНа 4-й с. обл. авт.: Осипов Егор Михайлович - д-р социол. наук, проф., Дудина Ольга Мухаметшевна - канд. филос. наук, доц., Сазонова Анастасия Петровна - канд. экон. наук
320 _aБиблиогр.: с. 341-370 (345 назв.) и в подстроч. примеч.
606 1 _aПредпринимательство семейное
_yРоссийская Федерация
_92594331
_3RU\NLR\AUTH\661532957
686 1 _aУ9(2)-13(2Р)
700 1 _7ca
_8rus
_aОсипов
_bЕ. М.
_cд-р социол. наук
_f1975-
_gЕгор Михайлович
_935029
_3RU\NLR\AUTH\7752096
701 1 _aДудина
_bО. М.
_gОльга Мухаметшевна
701 1 _aСазонова
_bА. П.
_gАнастасия Петровна
942 _cBOOK
980 _aNB